LEADER 00970nam0-22003251i-450- 001 990000504490403321 005 20080213131359.0 035 $a000050449 035 $aFED01000050449 035 $a(Aleph)000050449FED01 035 $a000050449 100 $a20020821d1987----km-y0itay50------ba 101 0 $aita 105 $aa-------001yy 200 1 $aBioingegneria del sistema cardiovascolare$fEnzo Belardinelli, Guido Valli e Carlo Marchesi 210 $aBologna$cPatron$d1987 215 $a347 p.$cill.$d25 cm 225 1 $aCNR Gruppo nazionale di bioingegneria$v5 610 0 $aApparato circolatorio$aFunzionalitą 610 0 $aApparecchi$aImpiego in cardiologia 676 $a612.171 700 1$aBelardinelli,$bEnzo$f<12930-2002> 701 1$aValli,$bGuido 701 1$aMarchesi,$bCarlo 801 0$aIT$bUNINA$gRICA$2UNIMARC 901 $aBK 912 $a990000504490403321 952 $a10 E IV 70$b556 DE$fDINEL 959 $aDINEL 997 $aUNINA LEADER 00779nam0-22002891i-450- 001 990004269390403321 005 20120606122529.0 010 $a88-383-1618-X 035 $a000426939 035 $aFED01000426939 035 $a(Aleph)000426939FED01 035 $a000426939 100 $a19990604d1994----km-y0itay50------ba 101 0 $aita 105 $ay-------00-y- 200 1 $aFascismo, fascismi$fEnzo Collotti 210 $aMilano$cSansoni$d1994 215 $aVII, 218 p.$d22 cm 676 $a320.533094$v21$zita 700 1$aCollotti,$bEnzo$f<1929- >$0133884 801 0$aIT$bUNINA$gRICA$2UNIMARC 901 $aBK 912 $a990004269390403321 952 $a320.533 COL 1$bBibl.21150$fFLFBC 959 $aFLFBC 996 $aFascismo, fascismi$969661 997 $aUNINA